|
|
|
|
| LEADER |
00000nam a22000005a 4500 |
| 001 |
vtls010288035 |
| 003 |
SK-MaSNL |
| 005 |
20260302011821.0 |
| 008 |
250414s2011 xo dbolf a 100 0 slo |
| 015 |
|
|
|a SNBA2011/09-05038
|
| 020 |
|
|
|a 9788089062775
|q (brož.)
|
| 035 |
|
|
|a c753cea8-2ebd-4edf-87ca-c8b68f18933e
|
| 035 |
|
|
|a urn:nbn:sk:snk-amjskb
|
| 035 |
|
|
|a urn:nbn:sk:snk:ar-a0b7zn
|
| 040 |
|
|
|a SNK
|b slo
|c SNK
|e AACR2
|
| 041 |
0 |
|
|a slo
|a cze
|b eng
|
| 044 |
|
|
|a xo
|c SK
|
| 072 |
|
7 |
|a 556
|x Hydrológia
|2 konspekt
|
| 072 |
|
7 |
|a 502
|x Životné prostredie a jeho ochrana
|2 konspekt
|
| 080 |
|
|
|a 556.52/.53
|2 2001
|
| 080 |
|
|
|a 502.51(282)
|2 2001
|
| 080 |
|
|
|a 556.55
|2 2001
|
| 080 |
|
|
|a 551.31/.35.051
|2 2001
|
| 080 |
|
|
|a (062.534)
|2 2001
|
| 111 |
2 |
|
|a Sedimenty vodných tokov a nádrží
|n (6. :
|d 2011 :
|c Bratuislava, Slovensko)
|9 652824
|
| 245 |
0 |
0 |
|a Sedimenty vodných tokov a nádrží
|b zborník prednášok zo VI. konferencie s medzinárodnou účasťou : Bratislava, 18.-19. mája 2011
|c [editor: Pavel Hucko]
|
| 250 |
|
|
|a 1. vyd.
|
| 260 |
|
|
|a Bratislava
|b Slovenská vodohospodárska spoločnosť
|c 2011
|
| 300 |
|
|
|a 219 s.
|b fotogr., grafy, mp., sch., tab.
|c 21 cm
|
| 504 |
|
|
|a Bibliogr. odkazy
|
| 546 |
|
|
|a Text aj čes. Res. angl.
|
| 650 |
0 |
7 |
|a vodné toky
|2 SNKPH
|9 3750
|
| 650 |
0 |
7 |
|a vodné nádrže
|2 SNKPH
|9 4190
|
| 650 |
0 |
7 |
|a sedimenty
|2 SNKPH
|9 24565
|
| 650 |
0 |
7 |
|a Water streams
|2 SNKPHeng
|9 312491
|
| 650 |
0 |
7 |
|a Reservoirs
|2 SNKPHeng
|9 306956
|
| 650 |
0 |
7 |
|a Sediments
|2 SNKPHeng
|9 278960
|
| 655 |
|
7 |
|a zborníky konferencií
|2 SNKPH
|9 70153
|
| 655 |
|
7 |
|a Proceedings of conferences
|2 SNKPHeng
|9 265791
|
| 655 |
|
7 |
|a issue_zb
|2 SNK
|9 276493
|
| 700 |
1 |
|
|a Hucko, Pavel
|4 edt
|9 10869
|
| 852 |
|
|
|a Slovenská národná knižnica
|
| 919 |
|
|
|a 978-80-89062-77-5
|
| 954 |
|
|
|a odborná, vedecká literatúra pôvodná (slovenská)
|2 lita
|
| 954 |
|
|
|a odborná, vedecká literatúra cudzojazyčná (svetová)
|2 lita
|
| 958 |
|
|
|a ART
|
| 958 |
|
|
|a NB
|
| 958 |
|
|
|a OND
|
| 968 |
|
|
|d 55
|
| 999 |
|
|
|c 1007497
|d 1009427
|
| 952 |
|
|
|a SNK
|b SNK
|y PREZ
|7 0
|p 17A0705479
|o snkSC 145924
|i snk2011/14374
|8 0
|0 0
|1 0
|4 0
|d 2011-06-23
|f 1
|l 0
|r 2025-07-15 00:00:00
|w 2026-02-24
|
| 952 |
|
|
|a SNK
|b SNK
|y VYP
|7 0
|p 17A0705480
|o snkSC 145924 D1
|i snk2011/14375
|8 0
|0 0
|1 0
|4 0
|d 2011-06-23
|f 1
|l 0
|r 2026-02-24 12:40:50
|w 2026-02-24
|